[Event "Challenge"]
[Site "http://www.queenalice.com/game.php?id=223086"]
[Date "2007.6.10"]
[Round "-"]
[White "mefist"]
[Black "KLEOJ"]
[Result "0-1"]
[WhiteElo "1783"]
[BlackElo "2027"]

1. d4 Nc6 2. Nf3 d5 3. e3 Nf6 4. c4 e6 5. Nc3 Bd6 6. Nb5 O-O 7. Nxd6 Qxd6 8. c5
Qe7 9. Bb5 Bd7 10. O-O a6 11. Bxc6 Bxc6 12. b4 a5 13. bxa5 Rxa5 14. Bd2 Ra6 15.
a4 Ne4 16. Bb4 Rfa8 17. a5 b6 18. Qc1 bxa5 19. Bc3 Bb5 20. Re1 c6 21. Ra3 f6 22.
Qc2 Qf7 23. Rea1 a4 24. Nd2 Nxd2 25. Bxd2 Qa7 26. e4 Bc4 27. exd5 exd5 28. Rh3
g6 29. Qd1 Re8 30. Qf3 Qf7 31. Be3 a3 32. Qd1 a2 33. Rf3 Qe6 34. Qc2 Raa8 35. h4
Re7 36. h5 gxh5 37. Rh3 Qf7 38. Qf5 Be2 39. Qc2 Bg4 40. Rg3 Qg6 41. Qb3 h4 42.
Rxg4 Qxg4 43. Rxa2 Rxa2 44. Qxa2 h3 45. f3 Qg3 46. Qf2 Qg6 47. Bf4 hxg2 48. Qxg2
Kf7 49. Qxg6+ hxg6 50. Kf2 Rb7 51. Be3 Ke6 52. Kg3 Kf5 53. Bc1 Rb4 54. Be3 Rb3
55. Kf2 g5 56. Bc1 Rd3 57. Be3 g4 58. Ke2 Ra3 59. Kf2 g3+ 60. Ke2 Kg6 61. Bf4 g2
0-1

[Event "Challenge"]
[Site "http://www.queenalice.com/game.php?id=254446"]
[Date "2007.8.11"]
[Round "-"]
[White "mefist"]
[Black "yo_soy_lo_mejor"]
[Result "1-0"]
[WhiteElo "1793"]
[BlackElo "1989"]

1. d4 d5 2. Nf3 Bg4 3. Ne5 Bh5 4. g4 Bg6 5. Nxg6 hxg6 6. Nc3 e6 7. Bd2 c5 8. e3
Nc6 9. Bb5 a6 10. Bxc6+ bxc6 11. dxc5 Bxc5 12. Qe2 Qc7 13. f4 Nf6 14. O-O-O Ne4
15. Nxe4 Be7 16. Nc3 a5 17. Na4 Rb8 18. Bc3 O-O 19. f5 gxf5 20. gxf5 exf5 21.
Rdg1 f6 22. h4 f4 23. Qg4 Bd6 24. Bd2 fxe3 25. Bxe3 Qe7 26. Bc5 Bxc5 27. Nxc5
Rf7 28. Nd3 a4 29. h5 a3 30. b3 c5 31. h6 Rb7 32. hxg7 Rxg7 33. Qc8+ Qf8 34.
Qxb7 Qb8 35. Qxg7# 1-0

[Event "Challenge"]
[Site "http://www.queenalice.com/game.php?id=283431"]
[Date "2007.10.9"]
[Round "-"]
[White "yo_soy_lo_mejor"]
[Black "mefist"]
[Result "1-0"]
[WhiteElo "1871"]
[BlackElo "1873"]

1. e4 e6 2. d4 d5 3. exd5 exd5 4. c4 Bb4+ 5. Nc3 Ne7 6. a3 Bxc3+ 7. bxc3 O-O 8.
Nf3 Re8 9. Be2 c6 10. O-O Bg4 11. c5 Bxf3 12. Bxf3 Ng6 13. Re1 Nd7 14. Bg5 Qa5
15. a4 Qxc3 16. Re3 Rxe3 17. Bxe3 Qa5 18. g3 Ndf8 19. h4 Ne6 20. h5 Ne7 21. h6
g6 22. Bg4 f5 23. Be2 Qc7 24. Qb3 b6 25. cxb6 axb6 26. Rb1 Rb8 27. Re1 Kf7 28.
Qc3 c5 29. dxc5 1-0

[Event "AUTO-INT-469"]
[Site "http://www.queenalice.com/game.php?id=284353"]
[Date "2007.10.10"]
[Round "2"]
[White "luciano"]
[Black "mefist"]
[Result "0-1"]
[WhiteElo "1700"]
[BlackElo "1817"]

1. e4 e6 2. d4 d5 3. Nc3 Bb4 4. Qd2 dxe4 5. a3 Bxc3 6. Qxc3 Nf6 7. Bc4 O-O 8. b4
Nc6 9. Ne2 b6 10. Bb2 Bb7 11. O-O-O a5 12. d5 axb4 13. Qb3 bxa3 14. Bxa3 exd5
15. Bxf8 Qxf8 16. f3 dxc4 17. Qc3 Nb4 18. Kd2 exf3 19. gxf3 Bxf3 20. Qxf3 Qd8+
21. Kc3 Nfd5+ 22. Kxc4 c6 23. Rdf1 Qe7 24. Nd4 Ne3+ 0-1

[Event "AUTO-INT-469"]
[Site "http://www.queenalice.com/game.php?id=284354"]
[Date "2007.10.10"]
[Round "2"]
[White "mefist"]
[Black "luciano"]
[Result "1-0"]
[WhiteElo "1858"]
[BlackElo "1680"]

1. d4 e5 2. dxe5 f6 3. exf6 d5 4. fxg7 Bxg7 5. g3 Bf5 6. Bg2 Ne7 7. e4 dxe4 8.
Qxd8+ Kxd8 9. c3 c6 10. Bg5 Ke8 11. Bxe7 Kxe7 12. Nd2 Nd7 13. Bxe4 Be6 14. Ngf3
Nc5 15. O-O Bh3 16. Rfe1 Kd7 17. Rad1 Rhe8 18. Nb3+ Nd3 19. Rxd3+ Kc7 20. Rdd1
Re7 21. Bxh7 Bf6 22. Rxe7+ Bxe7 23. Nbd4 Bg4 24. Re1 Bf6 25. Kg2 Bh8 26. Bf5 Bh5
27. Re7+ Kb6 28. Ne5 Re8 29. Rxe8 Bxe8 30. Ndf3 c5 31. h4 a5 32. g4 Ka6 33. h5
1-0

[Event "AUTO-INT-469"]
[Site "http://www.queenalice.com/game.php?id=284359"]
[Date "2007.10.10"]
[Round "2"]
[White "mefist"]
[Black "fagner"]
[Result "0-1"]
[WhiteElo "1857"]
[BlackElo "1756"]

1. d4 Nf6 2. c4 g6 3. Nf3 d6 4. Nc3 Bg7 5. e4 O-O 6. Bd3 Re8 7. O-O e5 8. dxe5
dxe5 9. Bg5 Bg4 10. Nd5 Nbd7 11. h3 Bxf3 12. Qxf3 c6 13. Nxf6+ Nxf6 14. Rfd1 Qe7
15. Rd2 Rad8 16. Rad1 Rd4 17. b3 Qd6 18. Be3 Nxe4 19. Bxe4 Rxd2 20. Rxd2 Qa3 21.
Qd1 f5 22. Rd8 Rf8 23. Rxf8+ Bxf8 24. Bb1 b6 25. Bg5 Be7 26. Bxe7 Qxe7 27. a4 a5
28. Qf3 e4 29. Qf4 Qb4 30. Qe3 Qd6 31. Bc2 Kg7 32. f3 exf3 33. Qxf3 Qd4+ 34. Qf2
c5 35. Qxd4+ cxd4 36. Kf2 Kf6 37. Kf3 Ke5 38. g4 h5 39. gxh5 gxh5 40. h4 Kf6 0-1

[Event "AUTO-INT-469"]
[Site "http://www.queenalice.com/game.php?id=284360"]
[Date "2007.10.10"]
[Round "2"]
[White "fagner"]
[Black "mefist"]
[Result "1-0"]
[WhiteElo "1728"]
[BlackElo "1867"]

1. d4 Nf6 2. c4 g6 3. Nc3 d5 4. Nf3 Bg7 5. e3 Bg4 6. Bd3 O-O 7. O-O e6 8. cxd5
exd5 9. h3 Bxf3 10. Qxf3 Re8 11. a3 c6 12. b4 Nbd7 13. Bb2 Qc7 14. Rac1 a6 15.
Rfe1 Re6 16. e4 dxe4 17. Nxe4 Nxe4 18. Bxe4 Rae8 19. d5 Rxe4 20. Rxe4 Rxe4 21.
Bxg7 Re8 22. Bh6 Qe5 23. dxc6 bxc6 24. Qc3 Qxc3 25. Rxc3 Ne5 26. f4 Nd7 27. Rxc6
Nb8 28. Rb6 Rc8 29. Kh2 f5 30. a4 Re8 31. a5 Rd8 32. b5 axb5 33. a6 1-0

[Event "AUTO-INT-469"]
[Site "http://www.queenalice.com/game.php?id=284361"]
[Date "2007.10.10"]
[Round "2"]
[White "mefist"]
[Black "leafar"]
[Result "1-0"]
[WhiteElo "1857"]
[BlackElo "1654"]

1. d4 d6 2. e4 b6 3. Nc3 Bb7 4. g3 d5 5. Bg2 dxe4 6. Bxe4 Bxe4 7. Nxe4 g6 8. Nf3
Bg7 9. O-O Nc6 10. c3 Nf6 11. Nxf6+ Bxf6 12. Bh6 Qd5 13. Re1 O-O-O 14. a4 Rhe8
15. a5 Nxa5 16. b4 Nc4 17. Rxa7 Nb2 18. Qe2 Nc4 19. Bf4 Nd6 20. Ne5 Nb5 21. c4
Qxd4 22. cxb5 Bxe5 23. Bxe5 Qxb4 24. Rxc7+ Kb8 25. Rc4+ Qd6 26. Bxd6+ exd6 27.
Qxe8 Rxe8 28. Rxe8+ Kb7 29. Kg2 f5 30. Rcc8 1-0

[Event "AUTO-INT-469"]
[Site "http://www.queenalice.com/game.php?id=284362"]
[Date "2007.10.10"]
[Round "2"]
[White "leafar"]
[Black "mefist"]
[Result "0-1"]
[WhiteElo "1682"]
[BlackElo "1876"]

1. e4 e6 2. c4 d5 3. cxd5 exd5 4. exd5 Qxd5 5. Nc3 Qd8 6. Nf3 Bg4 7. Be2 Nf6 8.
O-O Be7 9. d3 O-O 10. Bg5 Nbd7 11. Qb3 Nc5 12. Qc2 h6 13. Be3 c6 14. b4 Bxf3 15.
Bxf3 Qxd3 16. Qxd3 Nxd3 17. a3 Ne5 18. Bd1 Nc4 19. Bd4 Rad8 20. Bxa7 Ra8 21. Bc5
Bxc5 22. bxc5 Rxa3 23. Rxa3 Nxa3 24. f4 Nc4 25. Be2 Ne3 26. Rf3 Re8 27. Bd3 Nfd5
28. Nxd5 cxd5 29. Bb5 Re7 30. Kf2 Nf5 31. g4 Nd4 32. Re3 Rxe3 33. Kxe3 Nxb5 34.
Kd3 f5 35. gxf5 Kf7 36. Kc2 Nd4+ 37. Kc3 Nxf5 38. Kb4 Ke6 39. Kb5 g5 40. fxg5
hxg5 41. Kb6 d4 42. Kxb7 d3 43. c6 d2 44. c7 Nd6+ 45. Kb8 d1=Q 46. c8=Q+ Nxc8
47. Kxc8 Qd7+ 48. Kb8 Kd6 49. h4 Kc6 50. h5 Qb7# 0-1

[Event "Challenge"]
[Site "http://www.queenalice.com/game.php?id=292278"]
[Date "2007.10.24"]
[Round "-"]
[White "brainiac"]
[Black "mefist"]
[Result "0-1"]
[WhiteElo "1925"]
[BlackElo "1837"]

1. e4 e6 2. d4 d5 3. exd5 exd5 4. Nf3 Bd6 5. Nc3 c6 6. Bd3 Bg4 7. h3 Bxf3 8.
Qxf3 Nf6 9. Bg5 Nbd7 10. Qe3+ Qe7 11. Qxe7+ Bxe7 12. O-O-O O-O 13. Rhe1 Bb4 14.
Bd2 Rfe8 15. Bf5 Rxe1 16. Rxe1 Kf8 17. Kb1 Re8 18. Rxe8+ Kxe8 19. g4 g6 20.
Bxd7+ Kxd7 21. a3 Bxc3 22. Bxc3 g5 23. f3 Ne8 24. Bd2 h6 25. Bb4 Nd6 26. Bxd6
Kxd6 27. b3 c5 28. dxc5+ Kxc5 29. Kc1 b5 30. Kd1 a5 31. Ke2 Kd4 32. Kd2 b4 33.
axb4 axb4 34. Ke2 Kc3 35. Kd1 d4 36. Kc1 d3 37. cxd3 Kxd3 38. Kb2 Kd2 39. Ka2
Kc2 40. f4 gxf4 41. h4 f3 42. h5 f2 43. g5 f1=Q 44. g6 Qb1# 0-1

[Event "Challenge"]
[Site "http://www.queenalice.com/game.php?id=338311"]
[Date "2008.1.18"]
[Round "-"]
[White "Paulsains"]
[Black "mefist"]
[Result "0-1"]
[WhiteElo "1922"]
[BlackElo "1857"]

1. c4 Nf6 2. Nc3 e5 3. e3 d5 4. d4 exd4 5. exd4 Bb4 6. Bd2 O-O 7. Nf3 Re8+ 8.
Be2 Bxc3 9. Bxc3 dxc4 10. O-O b5 11. Ne5 Bb7 12. a4 c6 13. axb5 cxb5 14. Bf3
Bxf3 15. Qxf3 Nbd7 16. Nc6 Qc7 17. d5 Qd6 18. Bb4 Qxd5 19. Qxd5 Nxd5 20. Bd2 Re2
21. Bc1 a6 22. Bg5 Rxb2 23. Rad1 N7f6 24. Rfe1 c3 25. Rc1 Rc8 26. Bxf6 gxf6 27.
Rxc3 Nxc3 28. Ne7+ Kg7 29. Nxc8 a5 30. g3 a4 31. Nb6 a3 0-1

[Event "Challenge"]
[Site "http://www.queenalice.com/game.php?id=338312"]
[Date "2008.1.18"]
[Round "-"]
[White "pony"]
[Black "mefist"]
[Result "1-0"]
[WhiteElo "2053"]
[BlackElo "1865"]

1. e4 e6 2. d4 d5 3. e5 c5 4. c3 Nc6 5. Be3 Qb6 6. Qd2 cxd4 7. cxd4 Bb4 8. Nc3
Nge7 9. Nf3 Nf5 10. g4 Nxe3 11. fxe3 O-O 12. Bd3 f6 13. exf6 Rxf6 14. O-O Qc7
15. Ng5 Rxf1+ 16. Rxf1 Bxc3 17. Bxh7+ Kh8 18. Rf8# 1-0

[Event "Challenge"]
[Site "http://www.queenalice.com/game.php?id=338313"]
[Date "2008.1.18"]
[Round "-"]
[White "Joe_Boyd"]
[Black "mefist"]
[Result "1-0"]
[WhiteElo "1851"]
[BlackElo "1881"]

1. e4 e6 2. d4 d5 3. e5 c5 4. Bf4 Qb6 5. b3 cxd4 6. Nf3 Bb4+ 7. Nbd2 Nc6 8. Bd3
Bc3 9. Rb1 Nge7 10. O-O Ng6 11. Bg3 Nb4 12. Bxg6 hxg6 13. h3 Nxa2 14. Nh2 Nb4
15. Ndf3 Nc6 16. Ng4 Bd7 17. Ng5 Bb4 18. Qf3 Nd8 19. Rbd1 Be7 20. h4 Bxg5 21.
hxg5 Nc6 22. Rd3 Nb4 23. Rd2 Rh5 24. Qf4 Ke7 25. Nh6 Rf8 26. Ng4 Rfh8 27. Nh2
Nc6 28. Rd3 a6 29. f3 Nb4 30. Rfd1 Nxd3 31. Rxd3 Qc5 32. Qd2 Rc8 33. Be1 Qxc2
34. Qb4+ Ke8 35. Rxd4 Rxg5 36. Bd2 Bb5 37. Bxg5 Qb1+ 38. Kf2 1-0

[Event "Challenge"]
[Site "http://www.queenalice.com/game.php?id=352202"]
[Date "2008.2.10"]
[Round "-"]
[White "TcheRenato"]
[Black "mefist"]
[Result "1-0"]
[WhiteElo "2206"]
[BlackElo "1884"]

1. e4 e6 2. e5 d5 3. Nf3 c5 4. Be2 Nc6 5. O-O f6 6. Bb5 Qb6 7. Qe2 Bd7 8. a4 a6
9. Bxc6 Bxc6 10. exf6 gxf6 11. Qxe6+ Be7 12. d4 cxd4 13. Qg4 Bc5 14. Qg7 1-0

[Event "Challenge"]
[Site "http://www.queenalice.com/game.php?id=375354"]
[Date "2008.3.22"]
[Round "-"]
[White "Rutty"]
[Black "mefist"]
[Result "1-0"]
[WhiteElo "1921"]
[BlackElo "1864"]

1. e4 e6 2. d4 d5 3. e5 c5 4. c3 Nc6 5. Nf3 cxd4 6. cxd4 Bb4+ 7. Bd2 Qb6 8. Bxb4
Qxb4+ 9. Qd2 Nge7 10. Nc3 Nf5 11. a3 Qb3 12. Bb5 Bd7 13. O-O O-O 14. Ba4 Qb6 15.
Bxc6 Bxc6 16. b4 Rac8 17. Rfc1 Bd7 18. h3 Rc4 19. Ne2 Rfc8 20. Rxc4 Rxc4 21. Rc1
Qc7 22. g4 Ne7 23. Ne1 Rxc1 24. Qxc1 Qxc1 25. Nxc1 Bb5 26. f4 Nc6 27. Nf3 a5 28.
bxa5 Nxa5 29. Nd2 Nc4 30. Ncb3 Nxa3 31. Kf2 Kf8 32. Nc5 1-0

[Event "Challenge"]
[Site "http://www.queenalice.com/game.php?id=391172"]
[Date "2008.4.21"]
[Round "-"]
[White "blanenatelo05"]
[Black "mefist"]
[Result "1-0"]
[WhiteElo "2185"]
[BlackElo "1874"]

1. e4 e6 2. d4 d5 3. c4 dxe4 4. Nc3 Bb4 5. Qb3 Bxc3+ 6. bxc3 Nf6 7. Ba3 b6 8.
Ne2 Bb7 9. Ng3 Nc6 10. Be2 Ne7 11. O-O O-O 12. Qb4 Ng6 13. Bd1 Qd7 14. Ba4 Bc6
15. Bc2 Nf4 16. Qb1 Rfe8 17. Bc1 N6h5 18. Nxh5 Nxh5 19. Bxe4 Bxe4 20. Qxe4 Nf6
21. Qh4 Qc6 22. Bh6 Qe4 23. Qg5 Qg6 24. Qxg6 hxg6 25. Be3 Ne4 26. Rac1 c6 27. f3
Nd6 28. c5 Nc4 29. Bf4 b5 30. Ra1 e5 31. dxe5 Nxe5 32. a4 Nc4 33. axb5 cxb5 34.
Ra6 Re6 35. Rfa1 Rc8 36. Rxe6 fxe6 37. Rxa7 Rxc5 38. h4 e5 39. Bg3 Ne3 40. Rd7
Nf5 41. Be1 Ne3 42. Rd3 Nf5 43. g4 Ne7 44. Rd7 Kf7 45. Kf2 Ke6 46. Rb7 Rd5 47.
Ke2 Kf6 48. Bd2 Nc8 49. Bg5+ Ke6 50. Rxg7 Nd6 51. Rxg6+ Kd7 52. h5 1-0

[Event "Challenge"]
[Site "http://www.queenalice.com/game.php?id=453035"]
[Date "2008.8.24"]
[Round "-"]
[White "fatharry"]
[Black "mefist"]
[Result "0-1"]
[WhiteElo "2041"]
[BlackElo "1850"]

1. e4 e6 2. d4 d5 3. Nc3 Bb4 4. Bd3 c5 5. exd5 cxd4 6. Bb5+ Bd7 7. Bxd7+ Qxd7 8.
Qxd4 Bxc3+ 9. Qxc3 Nf6 10. dxe6 Qxe6+ 11. Qe3 Qxe3+ 12. Bxe3 O-O 13. O-O-O Nc6
14. Nf3 Rfe8 15. Rd3 Ng4 16. Re1 Nb4 17. Rb3 Nd5 18. Rxb7 Ndxe3 19. fxe3 Nxe3
20. Re2 a5 21. b3 Nd5 22. Rxe8+ Rxe8 23. Rb5 Ne3 24. g3 Ra8 25. Kd2 Ng4 26. c4
Nf6 27. Ne5 Ne8 28. Nc6 a4 29. b4 Nd6 30. Rc5 Ne4+ 31. Kd3 Nxc5+ 32. bxc5 Kf8
33. Kd4 Ke8 34. Kd5 a3 35. Kd6 Ra4 36. Nb8 Rxc4 37. Na6 Rd4+ 38. Kc7 Rd2 39. Kc8
Rxa2 40. Nc7+ Ke7 41. Nd5+ Ke6 42. Nc7+ Kf5 43. Nb5 Ra1 44. c6 Rc1 45. Nxa3
Rxc6+ 46. Kd7 Re6 47. Nb5 Re1 48. Nd6+ Kg6 49. Nc4 f5 50. Kd6 Kg5 51. Ne5 Rxe5
52. Kxe5 Kg4 0-1

[Event "Challenge"]
[Site "http://www.queenalice.com/game.php?id=453088"]
[Date "2008.8.24"]
[Round "-"]
[White "RationalKing"]
[Black "mefist"]
[Result "0-1"]
[WhiteElo "1998"]
[BlackElo "1870"]

1. e4 e6 2. d4 d5 3. exd5 exd5 4. Nf3 Nf6 5. Bd3 Bd6 6. O-O O-O 7. Bg5 Bg4 8.
Nbd2 Nbd7 9. h3 Bxf3 10. Nxf3 c6 11. Re1 Qc7 12. c4 dxc4 13. Bxc4 Rfe8 14. Qb3
Rf8 15. Re2 h6 16. Bxf6 Nxf6 17. Rae1 Rfe8 18. Ne5 Re7 19. Ng6 Rxe2 20. Rxe2 Nd5
21. Bxd5 cxd5 22. Rc2 Qd7 23. Ne5 Bxe5 24. dxe5 Re8 25. f4 Rc8 26. Rd2 Qf5 27.
Rd4 g5 28. fxg5 Qxe5 29. Rxd5 Rc1+ 30. Rd1 Qd4+ 0-1

[Event "Challenge"]
[Site "http://www.queenalice.com/game.php?id=463964"]
[Date "2008.9.16"]
[Round "-"]
[White "Papageno"]
[Black "mefist"]
[Result "0-1"]
[WhiteElo "1961"]
[BlackElo "1878"]

1. e4 e6 2. Nf3 d5 3. exd5 exd5 4. d4 Nf6 5. Nc3 Bb4 6. Bg5 O-O 7. Ne5 Re8 8.
Be2 h6 9. Bh4 c5 10. O-O Bxc3 11. bxc3 cxd4 12. cxd4 Qd6 13. c4 dxc4 14. Bxc4
Nd5 15. Qb3 Be6 16. Qxb7 Nb6 17. Nxf7 Qxd4 18. Bxe6 Rxe6 19. Bg3 Qd7 20. Qxd7
N8xd7 21. Rfd1 Kxf7 22. a4 Rae8 23. a5 Nd5 24. h3 N5f6 25. Bh4 g5 26. Bg3 Nc5
27. Rdc1 Nb3 28. Rc7+ R8e7 29. Rxe7+ Kxe7 30. Ra3 Re1+ 31. Kh2 Nd4 32. a6 Ne4
33. Ra4 Nxg3 34. Kxg3 Ne6 35. Rb4 Rd1 36. Rb7+ Rd7 37. Kg4 Nc5 38. Rxd7+ Kxd7
39. Kh5 Nxa6 40. Kxh6 Nc5 41. Kxg5 a5 42. h4 a4 43. h5 Ke7 44. Kg6 a3 45. g4 a2
46. f4 a1=Q 47. g5 Qh8 48. h6 Ne6 0-1

[Event "Challenge"]
[Site "http://www.queenalice.com/game.php?id=463965"]
[Date "2008.9.16"]
[Round "-"]
[White "mefist"]
[Black "Papageno"]
[Result "0-1"]
[WhiteElo "1891"]
[BlackElo "1959"]

1. e4 e5 2. Nf3 Nc6 3. Bb5 Nge7 4. Nc3 a6 5. Ba4 b5 6. Bb3 Bb7 7. Ng5 d5 8. exd5
Nxd5 9. Nxd5 Qxg5 10. Qf3 O-O-O 11. d3 Qg6 12. O-O Nd4 13. Qh3+ Kb8 14. Ne3 h5
15. a4 h4 16. Qg4 Qxg4 0-1

[Event "Challenge"]
[Site "http://www.queenalice.com/game.php?id=474317"]
[Date "2008.10.8"]
[Round "-"]
[White "mefist"]
[Black "blanenatelo05"]
[Result "0-1"]
[WhiteElo "1897"]
[BlackElo "2259"]

1. d4 Nf6 2. c4 e6 3. Nc3 Bb4 4. Qb3 Nc6 5. e3 d5 6. a3 Bxc3+ 7. Qxc3 a5 8. Nf3
O-O 9. Bd3 a4 10. O-O Na5 11. Ne5 Nb3 12. Rb1 c5 13. Rd1 Qc7 14. Bc2 cxd4 15.
exd4 Nxc1 16. Rbxc1 dxc4 17. Qxc4 Qxc4 18. Nxc4 Ra6 19. Bd3 Nd5 20. Ne3 Nxe3 21.
fxe3 Rb6 22. Rc2 Bd7 23. Rf1 Rb3 24. Rd2 Rc8 25. h3 Rxd3 26. Rxd3 Bb5 27. Rc3
Rxc3 28. bxc3 Bxf1 29. Kxf1 b5 30. e4 Kf8 31. Ke2 f5 32. exf5 exf5 33. Kf3 g5
0-1